Grand Wazoo (The)-Lp K 44209 (Record n. 101097)

Dettagli MARC
000 -LEADER
fixed length control field 00961njm a2200301Ia 4500
001 - CONTROL NUMBER
control field 21279
003 - CONTROL NUMBER IDENTIFIER
control field IT-RoPAU
005 - DATE AND TIME OF LATEST TRANSACTION
control field 20220918181138.0
008 - FIXED-LENGTH DATA ELEMENTS--GENERAL INFORMATION
fixed length control field 131025s9999 xx 000 0 und d
040 ## - CATALOGING SOURCE
Original cataloging agency IT-RoPAU
040 ## - CATALOGING SOURCE
Transcribing agency IT-RoPAU
041 ## - LANGUAGE CODE
Language code of text/sound track or separate title INGLESE
999 ## - SYSTEM CONTROL NUMBERS (KOHA)
Koha Dewey Subclass [OBSOLETE] n.d.
100 ## - MAIN ENTRY--PERSONAL NAME
Personal name Zappa Frank
9 (RLIN) 5531
100 ## - MAIN ENTRY--PERSONAL NAME
Relator term Autore musica
9 (RLIN) 5532
100 ## - MAIN ENTRY--PERSONAL NAME
Miscellaneous information Codice autore musica SPICS: 3375
9 (RLIN) 5533
245 ## - TITLE STATEMENT
Title Grand Wazoo (The)-Lp K 44209
250 ## - EDITION STATEMENT
Edition statement 1a ed.
260 ## - PUBLICATION, DISTRIBUTION, ETC. (IMPRINT)
Place of publication, distribution, etc. USA
260 ## - PUBLICATION, DISTRIBUTION, ETC. (IMPRINT)
Name of publisher, distributor, etc. WARNER BROS RECORDS
Date of publication, distribution, etc. 1972 [1a Ed.:1972 - Ed. Lingua Orig.: 1972]
300 ## - PHYSICAL DESCRIPTION
Extent DISCO
300 ## - PHYSICAL DESCRIPTION
Dimensions 40 minuti (Testo: pag.)
500 ## - GENERAL NOTE
General note Musica rock.
505 ## - FORMATTED CONTENTS NOTE
Formatted contents note For Calvin (And His Next Two Hitchhikers) - Grand Wazoo - Cletus Awreetus-Awrightus - Eat That Question - Blessed Relief
650 ## - SUBJECT ADDED ENTRY--TOPICAL TERM
Topical term or geographic name as entry element ROCK [DISCHI]
Relator term Codice MATERIA SPICS: 9950
9 (RLIN) 1088
700 ## - ADDED ENTRY--PERSONAL NAME
Personal name Zappa Frank
Miscellaneous information Codice interprete SPICS: 3375
Relator term Interprete
9 (RLIN) 5534
942 ## - ADDED ENTRY ELEMENTS (KOHA)
Koha item type DISCHI
Source of classification or shelving scheme Dewey Decimal Classification
Dati di copia
Withdrawn status Lost status Damaged status Not for loan Home library Current library Date acquired Total Checkouts Full call number Date last seen Price effective from Koha item type Public note
    Buone Condizioni Not For Loan SPICS-MEDIATECA SPICS-MEDIATECA 25/10/2013   21279 25/10/2013 25/10/2013 DISCHI Progr. Ins.: 4579 / N.Vol.: 1 / Copie: 1 - Copia rara: n.d. / date import: 01.01.2014 - By Epidotti, Trombetti, Vaglietti
CREDITS: SOCIETA' SAN PAOLO Via A.Severo, 58 - ROMA (RM) & PERIODICI SAN PAOLO SRL Via Giotto, 36 MILANO & CISF Via Giotto, 36 MILANO & EDIZIONI SAN PAOLO SRL,  Piazza Soncino, 5 CINISELLO BALSAMO (MI) -- ITALY